Derecho aeronáutico colombiano : (Registro nro. 28620)

Detalles MARC
000 -LEADER
fixed length control field 04118nam a2200313Ia 4500
003 - CONTROL NUMBER IDENTIFIER
control field CO-CtgCURN
005 - DATE AND TIME OF LATEST TRANSACTION
control field 20250408214542.0
008 - FIXED-LENGTH DATA ELEMENTS--GENERAL INFORMATION
fixed length control field 190723s2004 xx 000 0 und d
020 ## - INTERNATIONAL STANDARD BOOK NUMBER
International Standard Book Number 9587070488
040 ## - CATALOGING SOURCE
Original cataloging agency CO-CtgCURN
Language of cataloging spa
Transcribing agency coctgcurn
082 ## - DEWEY DECIMAL CLASSIFICATION NUMBER
Classification number 343.820
Item number S479d
100 ## - MAIN ENTRY--PERSONAL NAME
Personal name Sequera Duarte, Álvaro
Relator term autor
9 (RLIN) 9805
245 #0 - TITLE STATEMENT
Title Derecho aeronáutico colombiano :
Remainder of title Decretos 260 y 261 de 2004: legislación, jurisprudencia, convenios, protocolos, normas aeronáuticas /
Statement of responsibility, etc. Álvaro Sequera Duarte; prólogo., Pablo Michelsen Niño
250 ## - EDITION STATEMENT
Edition statement 1 edición
260 ## - PUBLICATION, DISTRIBUTION, ETC.
Place of publication, distribution, etc. Bogotá, Colombia :
Name of publisher, distributor, etc. Librería Ediciones del Profesional,
Date of publication, distribution, etc. 2004
300 ## - PHYSICAL DESCRIPTION
Extent 629 páginas ;
Dimensions 24 centímetros
500 ## - GENERAL NOTE
General note Incluye introducción, prólogo e índice
504 ## - BIBLIOGRAPHY, ETC. NOTE
Bibliography, etc. note Incluye referencias bibliográficas (p. [627]- 629)
505 ## - FORMATTED CONTENTS NOTE
Formatted contents note Cap. I. Naturaleza del derecho aeronáutico -- Definiciones -- Normatividad aeronáutica -- Concepto de la actividad aeronáutica -- La circulación aérea y la navegación aérea -- La utilización de la aeronave comercial -- Concepto general -- Objetivos del derecho aéreo -- Las características de derecho aeronáutico -- Ordenamiento compuesto del derecho aeronáutico -- Cap. II. Fuentes jurídicas -- Legislación internacional y nacional -- Legislación aeronáutica colombiana -- Doctrina -- Jurisprudencia aeronáutica -- Cap. III. Desarrollo tecnológico y jurídica de la aeronáutica -- El desarrollo tecnológico aeronáutico -- El motor aéreo -- Características de la atmosfera -- Perfiles alares -- El perfil -- Aerodinámica del perfil -- El avión en vuelo -- Aviones comerciales ultramodernos -- Cap. IV. Antecedentes jurídicos de la aeronáutica -- Iniciativas nacionales -- Convenciones preliminares de aeronáutica -- Convenios suplementarias -- Los acuerdos de transito y de trasporte aéreo - políticas aéreas de la Estados unidos VS Reino Unido -- Cap. V. Los organismos internacionales y colombianos de la aviación civil -- Organismos internacionales de la aviación civil -- Organismos de derecho público -- Organismos de nivel regional -- Los organismo de derecho privado -- Organismos privados regionales -- Cap. VI. Los derechos sobre el espacio aéreo -- Los limites del espacio aéreo y su control jurídico -- Delimitación del espacio aéreo -- El control jurídico del espacio aéreo -- El espacio aéreo, objeto de soberanía y de propiedad privada y el derecho del vuelo -- Cap. VII. La aeronave y los derechos que se ejercen sobre ella -- La aeronave y su documentación -- Los documentos de la aeronave -- El registro de la aeronave -- El propietario y el explotador de la aeronave -- Los derechos reales que se ejercen sobre las aeronaves -- Cap. VIII. Transporte aéreo -- estructura jurídica- económica -- estructura jurídica del trasporte aéreo -- Los servicios no regulares (charters) -- Economía del trasporte aéreo -- Las capacidades de oferta -- Cap. IX. El contrato de trasporte y la responsabilidad del transportador aéreo -- El contrato de transporte aéreo -- Ámbito y definición del contrato -- Transporte de carga aérea -- Responsabilidad por daños causados a terceros en la superficie -- Cap. X. Normas aeronáuticas de Colombia.
520 ## - SUMMARY, ETC.
Summary, etc. Esta obra es un aporte significativo, para los amantes de la aviación en Hispanoamérica y todos aquellos que tienen que ver directa o indirectamente como los estudiantes de derecho, profesores de la materia, abogados, aviadores, ingenieros de vuelo, ingenieros aeronáuticos, auxiliares de vuelo, controladores, radaristas, despachadores, operadores terrestres, inspectores; conozcan la urdimbre de la norma nacional e internacional en el campo del derecho aeronáutico.
521 ## - TARGET AUDIENCE NOTE
Target audience note AREA PROFESIONAL
590 ## - LOCAL NOTE (RLIN)
Local note Programa de Derecho_18
630 ## - SUBJECT ADDED ENTRY--UNIFORM TITLE
Uniform title Decreto 260 de 2004
Geographic subdivision Colombia
9 (RLIN) 9829
630 ## - SUBJECT ADDED ENTRY--UNIFORM TITLE
Uniform title Decreto 261 de 2004
Geographic subdivision Colombia
9 (RLIN) 9830
650 ## - SUBJECT ADDED ENTRY--TOPICAL TERM
Topical term or geographic name entry element Derecho aéreo
9 (RLIN) 9806
700 ## - ADDED ENTRY--PERSONAL NAME
Personal name Michelsen Niño, Pablo
Relator term prólogo
9 (RLIN) 9807
942 ## - ADDED ENTRY ELEMENTS (KOHA)
Koha item type Libros
Classification part 343.820
Item part S479d
Source of classification or shelving scheme Dewey Decimal Classification
Suppress in OPAC No
Existencias
Withdrawn status Lost status Damaged status Not for loan Collection Home library Current library Shelving location Date acquired Inventory number Total checkouts Full call number Barcode Date last seen Copy number Price effective from Koha item type
          Miguel Henríquez Castañeda Barranquilla Miguel Henríquez Castañeda Barranquilla General 05/23/2018 02542   343.820 S479d 02542 07/23/2019 ej.1 07/23/2019 Libros